[Event "AUT-chT2M 1213"]
[Site "Austria"]
[Date "2013.03.22"]
[Round "6.3"]
[White "Pataki, Gyozo"]
[Black "Kranzl, Peter"]
[Result "1/2-1/2"]
[WhiteElo "2367"]
[BlackElo "2239"]
[PlyCount "104"]
[EventDate "2012.10.19"]
[EventType "team-tourn"]
[EventRounds "11"]
[EventCountry "AUT"]
[SourceTitle "EXT 2014"]
[Source "ChessBase"]
[SourceDate "2013.11.20"]
[SourceVersion "1"]
[SourceVersionDate "2013.11.20"]
[SourceQuality "1"]
[WhiteTeam "Steyregg"]
[BlackTeam "St Valentin"]
[WhiteTeamCountry "AUT"]
[BlackTeamCountry "AUT"]

1. d4 Nf6 2. c4 c5 3. d5 b5 4. cxb5 a6 5. e3 e6 6. Nc3 exd5 7. Nxd5 Bb7 8. Nxf6+ Qxf6 9. Nf3 Bd6 10. bxa6 Nxa6 11. Bd2 Nb4 12. Bxb4 cxb4 13. Bc4 Qxb2 14. 0-0 Qf6 15. Qd4 Bxf3 16. Qxf6 gxf6 17. gxf3 Rg8+ 18. Kh1 Rc8 19. Bb3 Ke7 20. f4 Bc5 21. Rg1 d6 22. Rg3 Rxg3 23. hxg3 Kf8 24. Kg2 Kg7 25. Kf3 Re8 26. Re1 h6 27. Rd1 Kg6 28. Bc2+ Kg7 29. Rd5 Rh8 30. Rh5 Re8 31. Ke2 Ra8 32. Bb3 Ra5 33. Kd3 Ra7 34. Rh4 Re7 35. Rg4+ Kf8 36. Kc4 Re8 37. Bc2 Ra8 38. Kb3 Ra3+ 39. Kb2 d5 40. f5 Ra8 41. Rh4 Kg7 42. Rg4+ Kf8 43. Rh4 Kg7 44. Bb3 Rd8 45. Kc2 d4 46. exd4 Rxd4 47. Rxd4 Bxd4 48. g4 Bxf2 49. Kd3 Bc5 50. Kc4 Bg1 51. Kd5 Kf8 52. Ba4 Kg7 1/2-1/2

[Event "Niederoesterreich Landesliga 1213"]
[Site "Austria"]
[Date "2013.03.17"]
[Round "7"]
[White "Schwarhofer, Christopher"]
[Black "Kranzl, Peter"]
[Result "1-0"]
[WhiteElo "2264"]
[BlackElo "2233"]
[PlyCount "45"]
[EventDate "2012.09.30"]
[EventType "team-tourn"]
[EventRounds "7"]
[EventCountry "AUT"]
[SourceTitle "EXT 2022"]
[Source "ChessBase"]
[SourceDate "2021.10.06"]
[SourceVersion "1"]
[SourceVersionDate "2021.10.06"]
[SourceQuality "1"]

1. e4 c6 2. d4 d5 3. Nc3 dxe4 4. Nxe4 Nd7 5. Bc4 Ngf6 6. Ng5 e6 7. Ne2 Nb6 8. Bd3 Bd6 9. c3 h6 10. Nf3 Qc7 11. Ng3 c5 12. 0-0 Bd7 13. Qe2 c4 14. Bc2 Bc6 15. Nf5 0-0-0 16. Nxd6+ Qxd6 17. Ne5 Qd5 18. f3 Be8 19. a4 a5 20. Be4 Nxe4 21. fxe4 Qd6 22. Bf4 Qe7 23. Nxc4 1-0